000 00495nam a2200157 a 4500
001 000038416
005 20201002031244.0
008 130411s2012 dr 000 0 spa d
020 _a9789945473902
040 _aDO-SdBNP
_bspa
_cBNPHU
100 1 _aMeléndez, Luis
_q(Cuento Bastón)
_964752
245 1 0 _aLechugas con sabor a menta /
_cLuis Meléndez.
260 _aSanto domingo :
_bSantuario,
_c2012.
300 _a192 p. ;
_c22 cm.
500 _aIncluye datos biográficos del autor en la solapa
999 _c37906
_d37906